| 000 | 01063nam a22001817a 4500 | ||
|---|---|---|---|
| 999 |
_c58997 _d58997 |
||
| 003 | Ge_BSU | ||
| 005 | 20221027173419.0 | ||
| 008 | 221027s2002 ge ||||| |||| 00| 0 geo d | ||
| 041 | _ageo | ||
| 080 | _a338(479.22)(075.8) მ-20 | ||
| 100 |
_aმალაშხია, გიორგი _97239 |
||
| 245 |
_aსაქართველოს ეკონომიკა = Economics of Georgia = Экономика Грузии : საუკუნოვანი პანორამის შტრიხები : _bსაქ. ეკონ. შემსწავლელთა დასახმარებლად / _cგიორგი მალაშხია ; [რედ.: თემურ შენგელია]. |
||
| 264 |
_aთბილისი : _b[თსუ სოხუმის ფილიალის გამ-ბა], _c2002. |
||
| 300 |
_a332 გვ. : _bცხ. ; _c20 სმ. |
||
| 500 | _aდანართები: გვ. 306-311. | ||
| 653 | _aსაქართველოს ეკონომიკა | ||
| 942 |
_2udc _cBK |
||